| 000 | 00852nam a2200205 i 4500 | ||
|---|---|---|---|
| 001 | 125342 | ||
| 003 | ES-MaACL | ||
| 005 | 20230906192617.0 | ||
| 007 | t| | ||
| 008 | 070605s2005 sp ||||1| spa d | ||
| 080 | _a01:327.5(569.4) | ||
| 100 | 1 |
_aVelloso, Agustín. _9113856 |
|
| 245 | 1 | 3 |
_aEl conflicto palestino visto desde España _b: una bibliografía comentada / _cAgustín Velloso de Santisteban. |
| 260 |
_a[Madrid] : _bDirección General de Relaciones Culturales y Científicas : _bAgencia Española de Cooperación Internacional, _c2005. |
||
| 300 |
_aP. 52-96 ; _c23 cm. |
||
| 595 | _aSeparata de: Awraq: estudios sobre el mundo árabe e islámico contemporáneo, v. 22, 2001-2005. | ||
| 651 | 4 |
_aPalestina- _xBibliografías. _99195 |
|
| 710 | 2 |
_aAgencia Española de Cooperación Internacional. _91266 |
|
| 852 |
_aES-MaACL _j2231-F-25 |
||
| 999 |
_c125342 _d125342 |
||